000 00284nam a2200121Ia 4500
008 191201s2015 xx 000 0 und d
100 _aMITTAL,R.K
245 0 _aFinancial Management Sem. 4
260 _aN. delhi
_bV.K.Pub
_c2015
300 _a216
650 _aBBA
942 _2ddc
_cBK
_01
999 _c6206
_d6206